Преступления против личности: проблемы квалификации и предупреждения. Ч. 1 (Запись № 10455785)
[ простой вид ]
| 000 -МАРКЕР | |
|---|---|
| контрольное поле | 02253nam2a2200289 i 4500 |
| 001 - ИДЕНТИФИКАТОР ЗАПИСИ | |
| контрольное поле | RU\NLR\BIBL_A\010260369 |
| 005 - ИДЕНТИФИКАТОР ВЕРСИИ | |
| контрольное поле | 20240921144510.0 |
| 021 ## - НОМЕР ГОСУДАРСТВЕННОЙ РЕГИСТРАЦИИ | |
| Код страны | Российская Федерация |
| Номер | 2014-3588 |
| Номер Листа государственной регистраци | 217 |
| 035 ## - ДРУГИЕ СИСТЕМНЫЕ НОМЕРА | |
| Идентификатор записи | (NLR Aleph) 010260369 |
| 100 ## - ДАННЫЕ ОБЩЕЙ ОБРАБОТКИ | |
| Данные общей обработки | 20140320d2013 um y0rusy50 ca |
| 101 0# - ЯЗЫК РЕСУРСА | |
| Язык текста, звукозаписи и т.д. | русский |
| 102 ## - СТРАНА ПУБЛИКАЦИИ ИЛИ ПРОИЗВОДСТВА | |
| Страна публикации | Российская Федерация |
| 105 ## - ПОЛЕ КОДИРОВАННЫХ ДАННЫХ: ТЕКСТОВЫЕ МАТЕРИАЛЫ, МОНОГРАФИЧЕСКИЕ | |
| Кодированные данные о монографическом текстовом документе | y|||j|||000yy |
| 200 0# - ЗАГЛАВИЕ И СВЕДЕНИЯ ОБ ОТВЕТСТВЕННОСТИ | |
| Основное заглавие | Ч. 1 |
| 210 ## - ПУБЛИКАЦИЯ, РАСПРОСТРАНЕНИЕ И ДР. | |
| Дата издания, распространения и т.д. | 2013 |
| 215 ## - ФИЗИЧЕСКАЯ ХАРАКТЕРИСТИКА | |
| Специфическое обозначение материала и объем | 112 с. |
| 320 ## - ПРИМЕЧАНИЯ О НАЛИЧИИ В ДОКУМЕНТЕ БИБЛИОГРАФИИ / УКАЗАТЕЛЯ | |
| Текст примечания | Библиогр. в подстроч. примеч. и в тексте |
| 461 #0 - УРОВЕНЬ НАБОРА | |
| Встроенное поле | 001RU\NLR\BIBL_A\010570238 |
| -- | 2001#$aПреступления против личности: проблемы квалификации и предупреждения$eучебно-справочное пособие$e[для преподавателей, аспирантов и студентов юридических вузов и факультетов]$fФ.М. Абубакиров$gМ-во образования и науки Рос. Федерации, Федер. гос. бюджет образоват. учреждение высш. проф. образования "Хабар. гос. акад. экономики и права"$vЧ. 1 |
| -- | 700#1$aАбубакиров$bФ. М.$f1961-$gФархат Марсимович |
| Системный номер (АБИС) связанной записи | 10421263 |
| Автор | Абубакиров, Ф. М. (1961-) |
| Место публикации | Хабаровск |
| Дата публикации | 2013 |
| Первые сведения об ответственности | Ф.М. Абубакиров |
| Имя издателя, распространителя и т.д. | РИЦ ХГАЭП |
| Сведения, относящиеся к заглавию | учебно-справочное пособие : [для преподавателей, аспирантов и студентов юридических вузов и факультетов] |
| Заглавие | Преступления против личности: проблемы квалификации и предупреждения |
| Номер тома | Ч. 1 |
| 606 1# - НАИМЕНОВАНИЕ ТЕМЫ КАК ПРЕДМЕТ | |
| Наименование темы | Преступления против личности |
| Формальный подзаголовок | Учебные издания |
| Тематический подзаголовок | Квалификация |
| Географический подзаголовок | Российская Федерация |
| Системный номер авторитетной/нормативной записи | 2365670 |
| Идентификатор авторитетной/нормативной записи | RU\NLR\AUTH\661412340 |
| 606 1# - НАИМЕНОВАНИЕ ТЕМЫ КАК ПРЕДМЕТ | |
| Наименование темы | Преступления против личности |
| Формальный подзаголовок | Учебные издания |
| Тематический подзаголовок | Предупреждение |
| Географический подзаголовок | Российская Федерация |
| Системный номер авторитетной/нормативной записи | 2610524 |
| Идентификатор авторитетной/нормативной записи | RU\NLR\AUTH\661547082 |
| 686 1# - ИНДЕКСЫ ДРУГИХ КЛАССИФИКАЦИЙ | |
| Индекс | Х628.111.305я7 |
| 686 1# - ИНДЕКСЫ ДРУГИХ КЛАССИФИКАЦИЙ | |
| Индекс | Х628.322.113я7 |
| 942 ## - ДОПОЛНИТЕЛЬНЫЕ ЭЛЕМЕНТЫ ЗАПИСИ (АБИС) | |
| Тип экземпляра АБИС | Книга |
| 980 ## - КОЛЛЕКЦИЯ | |
| Название коллекции | НБР |
Нет доступных экземпляров.